[Event "RUS-ch sf Urals 60th"]
[Site "Nizhnij Tagil"]
[Date "2007.03.21"]
[Round "8"]
[White "Lazarkov, Leonid"]
[Black "Uteshin, Dmitry"]
[Result "1/2-1/2"]
[WhiteElo "2178"]
[BlackElo "2109"]
[PlyCount "69"]
[EventDate "2007.03.14"]
[EventType "swiss"]
[EventRounds "9"]
[EventCountry "RUS"]
[SourceTitle "CBM 117 Extra"]
[Source "ChessBase"]
[SourceDate "2007.05.09"]
[SourceVersion "1"]
[SourceVersionDate "2007.05.09"]
[SourceQuality "1"]

1. e4 g6 2. d4 Bg7 3. f4 d6 4. c3 Nf6 5. Bd3 0-0 6. Nf3 c5 7. dxc5 dxc5 8. 0-0 Qb6 9. Kh1 Rd8 10. Qe2 Nc6 11. Na3 Qc7 12. Nb5 Qb8 13. e5 Nd5 14. Be4 a6 15. c4 Ndb4 16. Nc3 Bg4 17. Be3 Qa7 18. Rad1 Nd4 19. Qf2 Bxf3 20. gxf3 Rd7 21. Nd5 Nbc6 22. Rd2 Rad8 23. Rfd1 b6 24. b4 f5 25. bxc5 bxc5 26. Bb1 e6 27. Nc3 Bf8 28. Bc2 Nxc2 29. Rxd7 Rxd7 30. Rxd7 Qxd7 31. Qxc2 Nd4 32. Qd1 Qb7 33. Bxd4 cxd4 34. Qxd4 Qxf3+ 35. Kg1 1/2-1/2

[Event "RUS-ch sf Urals 60th"]
[Site "Nizhnij Tagil"]
[Date "2007.03.18"]
[Round "5"]
[White "Kobylin, Artem"]
[Black "Lazarkov, Leonid"]
[Result "1-0"]
[WhiteElo "2147"]
[BlackElo "2178"]
[PlyCount "27"]
[EventDate "2007.03.14"]
[EventType "swiss"]
[EventRounds "9"]
[EventCountry "RUS"]
[SourceTitle "CBM 117 Extra"]
[Source "ChessBase"]
[SourceDate "2007.05.09"]
[SourceVersion "1"]
[SourceVersionDate "2007.05.09"]
[SourceQuality "1"]

1. e4 c5 2. Nf3 d6 3. d4 cxd4 4. Nxd4 Nf6 5. Nc3 Nc6 6. Nb3 e6 7. Be3 Be7 8. f3 0-0 9. Qd2 a6 10. 0-0-0 b5 11. g4 b4 12. Na4 Nd7 13. h4 Qa5 14. Nxa5 1-0